000 00461cam a2200181 i 4500
999 _c68223
_d68220
020 _a9780194214759
020 _a0194214753
082 0 4 _a428.24
100 1 _aEastwood, John,
245 1 0 _aOxford Practice Grammar
250 _aUpdated edition.
300 _avii, 346 pages :
_bcolor illustrations ;
500 _aIncludes index.
650 7 _aEnglish language
856 _uhttp://10.10.170.122:8080/browse/book/9987
942 _cBK
040 _cUKMGB